Народная медицина Казахстана; Научная инициатива иностранных студентов и аспирантов российских вузов

Bibliographic Details
Parent link:Научная инициатива иностранных студентов и аспирантов российских вузов.— 2011.— [С. 323-325]
Main Author: Раббина Г.
Other Authors: Елик Б. (научный руководитель), Левченко М. Л.
Summary:Заглавие с экрана.
Электронная версия печатной публикации
Language:Russian
Published: 2011
Subjects:
Online Access:http://www.lib.tpu.ru/fulltext/v/Conferences/2011/K04/114087.pdf
Format: Electronic Book Chapter
KOHA link:https://koha.lib.tpu.ru/cgi-bin/koha/opac-detail.pl?biblionumber=214010

MARC

LEADER 00000naa2a2200000 4500
001 214010
005 20260115160837.0
035 |a (RuTPU)RU\TPU\book\233858 
035 |a RU\TPU\book\232257 
090 |a 214010 
100 |a 20120419d2011 k y0rusy50 ca 
101 0 |a rus 
102 |a RU 
135 |a drnn ---uucaa 
181 0 |a i  
182 0 |a b 
200 1 |a Народная медицина Казахстана  |f Г. Раббина, Б. Елик  |g науч. рук. М. Л. Левченко 
203 |a Текст  |c электронный 
215 |a 1 файл (375 Кб) 
300 |a Заглавие с экрана. 
300 |a Электронная версия печатной публикации 
337 |a Adobe Reader 
463 1 |0 (RuTPU)RU\TPU\book\227679  |t Научная инициатива иностранных студентов и аспирантов российских вузов  |o сборник докладов IV Всероссийской научно-практической конференции, Томск, 19-21 мая 2011 г.  |f Ассоциация иностранных студентов в России (АИС) ; Национальный исследовательский Томский политехнический университет (ТПУ), Институт международного образования и языковой коммуникации (ИМОЯК)  |v [С. 323-325]  |d 2011 
610 1 |a народная медицина 
610 1 |a Казахстан 
610 1 |a лекарственные вещества 
610 1 |a простудные заболевания 
610 1 |a кровяное давление 
610 1 |a электронный ресурс 
700 1 |a Раббина  |b Г. 
701 1 |a Елик  |b Б. 
702 1 |a Левченко  |b М. Л.  |4 727 
801 1 |a RU  |b 63413507  |c 20120301 
801 2 |a RU  |b 63413507  |c 20130131  |g RCR 
856 4 |u http://www.lib.tpu.ru/fulltext/v/Conferences/2011/K04/114087.pdf 
942 |c CF